| 000 | 00404nam a22001457a 4500 | ||
|---|---|---|---|
| 020 | _qPB. | ||
| 040 | _cFizza Ishaq | ||
| 082 |
_a282 _bROB |
||
| 100 |
_aTrisco, Robert. _9134156 |
||
| 245 |
_aThe Catholic Historical Review / _cRobert Trisco. |
||
| 250 | _aVol LXXXVII, No. 2 | ||
| 260 |
_aNew York : _bCatholic University Press, _c2001. |
||
| 300 |
_a381 p, ; _c8.8 x 5.9 x .5 inches |
||
| 942 |
_2ddc _cBK |
||
| 999 |
_c617101 _d617101 |
||